000
00323cam a2200145ua 4500
008
231114b |||||||| |||| 00| 0 eng d
041
_a
eng
082
_a
532
100
_a
George E Russell
_9
5589
245
_a
Hydraulics /
250
_a
5th ed.
260
_b
Oxfor & IBH Publishing co.
300
_a
468p.
942
_c
BK
999
_c
7466
_d
7466